LIBRARY & INFORMATION CENTRE, KCAET, TAVANUR

ONLINE PUBLIC ACCESS CATALOGUE (OPAC)

Soil Physics:Agricultural and Environmental Applications (Record no. 14342)

MARC details
000 -LEADER
fixed length control field 00314nam a22001217a 4500
020 ## - INTERNATIONAL STANDARD BOOK NUMBER
ISBN 9788126544615
082 ## - DEWEY DECIMAL CLASSIFICATION NUMBER
Classification number 631.4
Item number SCO/SO
100 ## - MAIN ENTRY--AUTHOR NAME
Personal name Scott,Don,H
245 ## - TITLE STATEMENT
Title Soil Physics:Agricultural and Environmental Applications
260 ## - PUBLICATION, DISTRIBUTION, ETC. (IMPRINT)
Place of publication New Delhi
Name of publisher Wiley India Pvt .Ind
Year of publication 2014
300 ## - PHYSICAL DESCRIPTION
Number of Pages 421
942 ## - ADDED ENTRY ELEMENTS (KOHA)
Koha item type Books
Holdings
Withdrawn status Lost status Damaged status Collection code Home library Current library Shelving location Date acquired Source of acquisition Cost, normal purchase price Full call number Accession Number Koha item type
        KAUAET KAUAET General Stacks 17/06/2016 Ganesh Book Center Trivanrum 2995.00 631.4 SCO/SO 24608 Books
free website counter